| 000 | 00000nas 2200000zi 4500 |
| 001 | 9.891387 |
| 003 | CaOODSP |
| 005 | 20251031120832 |
| 006 | m o d f |
| 007 | cr ||||||||||| |
| 008 | 200911c20179999oncar p o f0###a0eng|d |
| 022 | |a2564-0828 |
| 040 | |aCaOODSP|beng|erda|cCaOODSP |
| 043 | |an-cn--- |
| 086 | 1 |aPS91-11E-PDF |
| 086 | 1 |aPS91-8E-PDF |
| 110 | 2 |aParole Board of Canada. |bRecord Suspension Program, |eauthor, |eissuing body. |
| 222 | 0|aReport to Parliament |b(Parole Board of Canada. Record Suspension Program) |
| 245 | 10|a… report to Parliament : |bpursuant to section 11 of the Criminal Records Act / |cParole Board of Canada, Record Suspension Program. |
| 264 | 1|a[Ottawa] : |bParole Board of Canada, |c[2017]- |
| 310 | |aAnnual |
| 336 | |atext|btxt|2rdacontent |
| 337 | |acomputer|bc|2rdamedia |
| 338 | |aonline resource|bcr|2rdacarrier |
| 362 | 1 |aBegan with 2016-2017. |
| 500 | |aIssued also in French under title: Rapport au Parlement … , en vertu de l’article 11 de la Loi sur le casier judiciaire. |
| 515 | |aReport year ends March 31. |
| 550 | |aIssued by Record Suspension Program. |
| 588 | |aDescription based on: 2016-2017. |
| 588 | |aLatest issue consulted: 2019-2020. |
| 650 | 0|aCriminal records|xAccess control|zCanada|vPeriodicals. |
| 650 | 0|aCriminal justice, Administration of|zCanada|vPeriodicals. |
| 655 | 7|aStatistics|2lcgft |
| 655 | 7|aPeriodicals|2lcgft |
| 710 | 2 |aParole Board of Canada. |bRecord Suspension Program, |eissuing body. |
| 775 | 08|tRapport au Parlement … : |w(CaOODSP)9.891396 |